Molecular biology of the gene / (Record no. 70644)
[ view plain ]
| 000 -LEADER | |
|---|---|
| fixed length control field | 00860nam a2200277 a 4500 |
| 001 - CONTROL NUMBER | |
| control field | 70644 |
| 003 - CONTROL NUMBER IDENTIFIER | |
| rucl marc code | BD-RjUL |
| 005 - DATE AND TIME OF LATEST TRANSACTION | |
| control field | 20211209082026.0 |
| 008 - FIXED-LENGTH DATA ELEMENTS--GENERAL INFORMATION | |
| fixed length control field | 170418s1976 caua 001 0 eng |
| 020 ## - INTERNATIONAL STANDARD BOOK NUMBER | |
| International Standard Book Number | 0805396098 |
| 035 ## - SYSTEM CONTROL NUMBER | |
| System control number | (BD-RjUL)70858 |
| 040 ## - CATALOGING SOURCE | |
| Original cataloging agency | DLC |
| Transcribing agency | DLC |
| Modifying agency | BD-RjUL |
| Language of cataloging | eng |
| 041 ## - LANGUAGE CODE | |
| Language code of text/sound track or separate title | eng |
| 082 00 - DEWEY DECIMAL CLASSIFICATION NUMBER | |
| Classification number | 572.8 |
| Edition number | 23 |
| Author mark and year | WAM 1976 |
| 100 1# - MAIN ENTRY--PERSONAL NAME | |
| Personal name | Watson, James D., |
| Dates associated with a name | 1928- |
| 9 (RLIN) | 209097 |
| 245 10 - TITLE STATEMENT | |
| Title | Molecular biology of the gene / |
| Statement of responsibility, etc. | James D. Watson ; with illustration by Keith Roberts. |
| 250 ## - EDITION STATEMENT | |
| Edition statement | 3rd ed. |
| 260 ## - PUBLICATION, DISTRIBUTION, ETC. (IMPRINT) | |
| Place of publication, distribution, etc. | Menlo Park, Calif. : |
| Name of publisher, distributor, etc. | W. A. Benjamin, |
| Date of publication, distribution, etc. | c1976. |
| 300 ## - PHYSICAL DESCRIPTION | |
| Pagination | xxiv, 739 p. : |
| Illustrations | ill. ; |
| Size | 26 cm. |
| 504 ## - BIBLIOGRAPHY, ETC. NOTE | |
| Bibliography, etc | Includes bibliographical references and index. |
| 650 #0 - SUBJECT ADDED ENTRY--TOPICAL TERM | |
| Topical term or geographic name as entry element | Molecular biology. |
| 9 (RLIN) | 209098 |
| Topical term or geographic name as entry element | Molecular genetics. |
| 9 (RLIN) | 208219 |
| 700 ## - ADDED ENTRY--PERSONAL NAME | |
| Personal name | Roberts, Keith |
| 942 ## - ADDED ENTRY ELEMENTS (KOHA) | |
| Source of classification or shelving scheme | Dewey Decimal Classification |
| Koha item type | Books |
| Lost status | Source of classification or shelving scheme | Damaged status | Not for loan | Collection code | Permanent Location | Current Location | Shelving location | Date acquired | Source of acquisition | Cost, normal purchase price | Total Checkouts | Full call number | Date last seen | Copy number | Koha item type |
|---|---|---|---|---|---|---|---|---|---|---|---|---|---|---|---|
| Dewey Decimal Classification | Not For Loan | Non-fiction | Central Library, University of Rajshahi | Central Library, University of Rajshahi | Reading Room | 09/05/1977 | W. Heffer and sons. | 6.50 | 572.8 WAM 1976 | 18/04/2017 | C-1 | Books | |||
| Dewey Decimal Classification | Non-fiction | Central Library, University of Rajshahi | Central Library, University of Rajshahi | 09/05/1977 | W. Heffer and sons | 6.50 | 572.8 WAM 1976 | 31/01/2019 | C-2 | Books |